| 000 | 01087cam a2200313 i 4500 | ||
|---|---|---|---|
| 001 | 4770 | ||
| 003 | Mx-PuUPA | ||
| 005 | 20260218122249.0 | ||
| 008 | 140415s2020 sp gr 001 0 spa d | ||
| 017 | _aBI-325-2020 | ||
| 020 | _a9788429329674 | ||
| 040 |
_aMx-PuUPA _bspa _cMx-PuUPA _dMx-PuUPA _erda |
||
| 041 | 0 | _aspa | |
| 100 | 1 |
_aGómez, Carlos Miguel, _d1976- _eautor _917850 |
|
| 245 | 1 | 0 |
_aRacionalidad y trascendencia : _binvestigaciones en epistemología de la religión / _cCarlos Miguel Gómez Rincón |
| 264 | 1 |
_aCantabria, España : _bEditorial Sal Terrae, _c©2020 |
|
| 300 |
_a343 páginas ; _c22 cm |
||
| 336 |
_2rdacontent _atexto _btxt |
||
| 337 |
_2rdamedia _asin medio _bn |
||
| 338 |
_2rdacarrier _avolumen _bnc |
||
| 490 | 0 |
_aColección Presencia Teológica ; _v280 |
|
| 650 | 7 |
_2armarc _913986 _aEpistemología |
|
| 650 | 7 |
_2armarc _aFe y razón _xCristianismo |
|
| 650 | 7 |
_2armarc _aTeoría del conocimiento (Religión) |
|
| 650 | 7 |
_2armarc _aFilosofía y religión |
|
| 942 |
_2ddc _cLI _h121 _iG63 |
||
| 999 |
_c4770 _d4770 |
||